| 000 | 00840cam a22002651a 4500 | ||
|---|---|---|---|
| 001 | 914951 | ||
| 003 | GBCCL | ||
| 005 | 20241126110331.0 | ||
| 008 | 820217s1982 nyu 000 0 eng | ||
| 010 | _a 82001835 | ||
| 020 | _a0345306627 | ||
| 040 |
_aDLC _cDLC _dDLC |
||
| 050 | 1 | 0 |
_aBS612 _b.T46 |
| 082 | 0 | 0 |
_a220.076 _219 _bTES |
| 245 | 0 | 0 |
_aTest your Bible power : _ba Good Book quiz / _cStanley P. Shank, general editor ; [illustrations by Christopher Fay]. |
| 250 | _a1st ed. | ||
| 260 |
_aNew York : _bBallantine Books, _c1982. |
||
| 300 | _ap. cm. | ||
| 500 | _aCataloging based on CIP information. | ||
| 630 | 0 | 0 |
_aBible _xExaminations, questions, etc. _91873 |
| 650 | 0 |
_aBible games and puzzles. _91874 |
|
| 700 | 1 |
_aShank, Stanley P., _d1946- _91875 |
|
| 906 |
_a7 _bcbc _corignew _d1 _eocip _f19 _gy-gencatlg |
||
| 942 |
_2ddc _cBK _01 |
||
| 999 |
_c158 _d158 |
||